Non-timber products from tropical forests : (Registro nro. 2270)

Detalles MARC
000 -CABECERA
Campo de control 00919cam a2200241 i 4500
005 - FECHA Y HORA DE LA ULTIMA TRANSACCION
Campo de control 20191224041630.0
008 - ELEMENTOS DE LONGITUD FIJA—INFORMACION GENERAL
Campo de control 920430s1992 nyua b 001 0 eng
020 ## - ISBN
ISBN 0893273767
040 ## - FUENTE DE CATALOGACIÓN
Agencia catalogadora original DLC
Agencia transcriptora DLC
Agencia Modificadora DLC
-- CO-BoIAVH
041 ## - IDIOMA
Código de idioma para texto/pista de sonido o título separado Inglés
043 ## - GEOGRAPHIC AREA CODE
Geographic area code w------
082 04 - NUMERO DE CLASIFICACION DECIMAL DEWEY
Número de clasificación 338.17498
Número del ítem N81n
245 00 - MENCION DE TITULO
Título Non-timber products from tropical forests :
Parte restante del título evaluation of a conservation and development strategy /
Mención de responsabilidad Daniel C. Nepstad & Stephan Schwartzman, editors.
260 ## - PUBLICACION, DISTRIBUCION, ETC. (PIE DE IMPRENTA)
Lugar de publicación, distribución, etc. Bronx, N.Y. :
Nombre del editor, distribuidor, etc. New York Botanical Garden,
Fecha de publicación, distribución, etc. 1992.
300 ## - DESCRIPCION FISICA
Extensión xii, 164 páginas :
Otros detalles físicos ilustraciones ;
Dimensiones 26 cm.
504 ## - NOTA DE BIBLIOGRAFIA, ETC.
Nota de bibliografía Incluye referencias bibliográficas e índice.
650 14 - ASIENTO SECUNDARIO DE MATERIA - TERMINO TEMATICO
Término temático o nombre geográfico como elemento de entrada Productos forestales
9 (RLIN) 59489
650 24 - ASIENTO SECUNDARIO DE MATERIA - TERMINO TEMATICO
Término temático o nombre geográfico como elemento de entrada Industria forestal
Subdivisión general Aspectos ambientales
9 (RLIN) 59490
650 24 - ASIENTO SECUNDARIO DE MATERIA - TERMINO TEMATICO
Término temático o nombre geográfico como elemento de entrada Industria forestal
9 (RLIN) 13781
700 1# - ASIENTO SECUNDARIO - NOMBRE PERSONAL
Nombre personal Nepstad, Daniel C.,
Término de relación editor.
9 (RLIN) 13139
700 1# - ASIENTO SECUNDARIO - NOMBRE PERSONAL
Nombre personal Schwartzman, Stephan,
Término de relación editor.
9 (RLIN) 15248
942 ## - ELEMENTOS ADICIONALES (KOHA)
Sistema de clasificación Dewey Decimal Classification
Tipo de ítem Libro
Existencias
Withdrawn status Lost status Sistema de Clasificación Damaged status No para préstamo Colección Inventariado Ubicación Permanente Ubicación actual Fecha de adquisición Fuente de Valor Valor Total Checkouts Número topográfico Inventario / Código de Barras Date last seen Ejemplar Price effective from Tipo de material
    Dewey Decimal Classification     General Inventariado 2017 Bogotá Bogotá 10/05/2001 Instituto 39000.00   LB-338.17498 N81n 002835 04/12/2012 Ej. 1 04/12/2012 Libro